ბათუმის შოთა რუსთაველის სახელმწიფო უნივერსიტეტის ბიბლიოთეკა

დრამები / (ბიბ.ჩანაწერი № 59096)

000 -ლიდერი
ფიქსირებული სიგრძის საკონტროლო ველი 01231nam a22002057a 4500
003 - საკონტროლო ნომრის იდენტიფიკატორი
საკონტროლო ველი Ge_BSU
005 - ბოლო ოპერაციის თარიღი და დრო
საკონტროლო ველი 20221124154118.0
008 - ფიქსირებული სიგრძის მონაცემთა ელემენტები - ზოგადი ინფორმაცია
ფიქსირებული სიგრძის საკონტროლო ველი 221124s1974ge xxu||||| |||| 00| 0 geo d
041 ## - ენის კოდი
Language code of text/sound track or separate title geo
080 ## - უნივერსალური ათობითი კლასიფიკაციის ინდექსი
Universal Decimal Classification number 821.113.5-2 ი-31
100 ## - მთავარი ჩანაწერი - პიროვნების სახელი
Personal name იბსენი, ჰენრიკ, ავტორი.
9 (RLIN) 16050
245 ## - ცნობა სათაურის შესახებ
Title დრამები /
Statement of responsibility, etc ჰენრიკ იბსენი ; შესავალი წერილი და შენიშვნები დ. ლაშქარაძისა.
264 ## - წარმოების, გამოცემის, დისტრიბუციის და სხვა ცნობები
გამოცემის, წარმოების, დისტრიბუციის... ადგილი თბილისი :
გამოცემის, წარმოების, დისტრიბუციის... სახელწოდება საბჭოთა საქართველო,
გამოცემის, წარმოების, დისტრიბუციის... თარიღი 1974.
300 ## - ფიზიკური აღწერა
Extent 971 გვ. ;
Other physical details 21 სმ.
440 ## - სერიის ცნობა / დამატებულია ჩანაწერი - სათაური
Title მსოფლიო ლიტერატურის ბიბლიოთეკა ; ტ. 52. სერია 1
9 (RLIN) 16051
653 ## - INDEX TERM--UNCONTROLLED
Uncontrolled term დრამები
653 ## - INDEX TERM--UNCONTROLLED
Uncontrolled term ბრანდი ; პერ გიუნტი ; ნორა ანუ თოჯინების სახლი ; მოჩვენებანი ; ხალხის მტერი ; ჰედა გაბლერი.
700 ## - ADDED ENTRY--PERSONAL NAME
Personal name ლაშქარაძე, დ
Relator term შესავალი წერილი და შენიშვნები
9 (RLIN) 14588
942 ## - ADDED ENTRY ELEMENTS (KOHA)
Source of classification or shelving scheme
Koha item type წიგნი
ეგზემპლარები
ჩამოწერის სტატუსი დაკარგული ეგზემპლარის სტატუსი კლასიფიკაციის წყარო ან თაროზე გაწყობის სქემა დაზიანების სტატუსი არ გაიცემა მუდმივი მდებარეობა (დაცვის ადგილი) ამჟამინდელი ადგილსამყოფელი თაროზე განთავსების ადგილი შეძენის თარიღი ღირებულება, შესყიდვის ნორმალური ფასი სრული შენახვის შიფრი შტრიხკოდი ბოლო ოპერაციის თარიღი ეგზემპლარის მიმდევრობითი ნომერი (კეტერი?) ფასის ძალაში შესვლის თარიღი ეგზემპლარის სახეობა საჯარო შენიშვნა
          ბათუმის შოთა რუსთაველის სახელმწიფო უნივერსიტეტის მთავარი ბიბლიოთეკა ბათუმის შოთა რუსთაველის სახელმწიფო უნივერსიტეტის მთავარი ბიბლიოთეკა წიგნსაცავი 2022-11-24 12.00 821.113.5-2 ი-31 63164 2022-11-24 63164 2022-11-24 წიგნი 12.00